| Tag |
First Indicator |
Second Indicator |
Subfields |
| LEADER |
00000cam a2200000 4500 |
| 001 |
in00000064496 |
| 005 |
20151007083251.0 |
| 008 |
720906s1965 enk b 00000 eng u |
| 010 |
|
|
|a 65006798
|
| 035 |
|
|
|a (OCoLC)00400051
|
| 035 |
|
|
|9 AAF9116AM
|
| 040 |
|
|
|c WSU
|d TXA
|d UtOrBLW
|
| 049 |
|
|
|a TXAM
|c [451006]
|
| 050 |
|
0 |
|a DA535
|b .C7
|
| 092 |
|
|
|a 320.0942
|b C948a
|
| 100 |
1 |
|
|a Crook, D. P.
|q (David Paul)
|
| 245 |
1 |
0 |
|a American democracy in English politics, 1815-1850 /
|c Crook.
|
| 264 |
|
1 |
|a Oxford [England] :
|b Clarendon Press,
|c 1965.
|
| 300 |
|
|
|a 237 pages
|
| 336 |
|
|
|a text
|b txt
|2 rdacontent
|
| 337 |
|
|
|a unmediated
|b n
|2 rdamedia
|
| 338 |
|
|
|a volume
|b nc
|2 rdacarrier
|
| 504 |
|
|
|a Bibliography: pages [222]-230.
|
| 651 |
|
0 |
|a Great Britain
|x Politics and government
|y 19th century.
|
| 651 |
|
0 |
|a United States
|x Politics and government
|y 1815-1861.
|
| 651 |
|
0 |
|a United States
|x Foreign public opinion, British.
|
| 999 |
|
|
|a MARS
|
| 999 |
f |
f |
|s f2a2935a-dc07-3b06-a04d-29c86ae49a7a
|i 6bdb2ee1-1cc1-34bf-9411-39d321bf7362
|t 0
|
| 952 |
f |
f |
|p ric
|a Texas A&M University
|b Rellis Campus
|c Joint Library Facility
|d Remote Storage
|t 0
|e DA535 .C7
|h Library of Congress classification
|i unmediated -- volume
|m A14800656874
|
| 998 |
f |
f |
|a DA535 .C7
|t 0
|l Remote Storage
|